000 00458nam a2200145 i 4500
001 57997
003 ES-MaACL
007 t|
008 031020m19341938fr ||||1| fre d
100 1 _aDuclaux, Jacques.
_945838
245 1 0 _aTraité de chirimie physique appliquée a la biologie /
_cJ. Duclaux.
260 _aParis :
_bHermann et Cie.,
_c1934-38 (
_eSaint Amand :
_fBussière)
300 _a2 v. :
_bil. ;
_c26 cm.
852 _aES-MaACL
_jE-1718-19
_bR.22510
999 _c57997
_d57997